Tree models of similarity and association

Αποθηκεύτηκε σε:
Λεπτομέρειες βιβλιογραφικής εγγραφής
Κύριος συγγραφέας: Corter, James E.
Μορφή: Βιβλίο
Γλώσσα:English
Δημοσίευση: London : Sage Publications, c1996
Σειρά:Sage university papers series. Quantitative applications in the social sciences ; ; 112
Θέματα:
Ετικέτες: Προσθήκη ετικέτας
Δεν υπάρχουν, Καταχωρήστε ετικέτα πρώτοι!

MARC

LEADER 00000nam a2200000 i 4500
001 1/17993
008 981014s1996 eng d
020 |a 0-8039-5707-6 
035 |l 10020755 
040 |a GR-MY-UA  |b gre  |e aacr 
041 0 |a eng 
082 0 |a 300.15195 
100 1 |a Corter, James E. 
245 1 0 |a Tree models of similarity and association /  |c James E. Corter 
260 |a London :   |b Sage Publications,   |c c1996 
300 |a 64 p.  |b fig.; tabl. 
490 1 |a Sage university papers series. Quantitative applications in the social sciences  |v ; 112 
504 |a Includes bibliographical references 
650 0 0 |a Scaling (Social sciences) 
830 0 |a Sage university papers series. Quantitative applications in the social sciences ;  |v ; 112 
852 |a INST  |b LESVOS  |e 19981014  |h 300.15195 COR  |p 005100018320  |q 005100018320  |t BK  |y 0 
901 |a BIBL-1999-1 
909 |a Λ  |b 059672 
922 |a 1ΕΛΗ  |b 199809  |c ΚΠΣ/ΤΓ  |d ΠΑΠΑΣΩΤΗΡΙΟΥ 
950 |a 118-1998-07-23